000 00813nam a2200241Ia 4500
003 OSt
005 20220923213606.0
006 a|||||r|||| 00| 0
007 ta
008 220922b |||||||| |||| 00| 0 hin d
024 _a163,205
037 _cTextual
040 _aARTS
_cARTS
_bhin
041 _2hin
_ahin
082 _aO152,1:gN, L0
100 _aजैन, उर्मिला
245 0 _aआधुनिक हिन्दी काव्य में क्रान्ति की विचार धाराएं
246 _aĀdhunik hindī kāvya mean krānti kī vichār dhārāean
260 _c1970
650 _aहिन्दी साहित्य
_9156264
942 _hO152,1:gN, L0
_cTEXL
_2CC
999 _c317685
_d317685